|
|
|
|
| LEADER |
00819nam a2200193 i 4500 |
| 003 |
GR-PaULI |
| 005 |
20221014101648.0 |
| 008 |
211223s2017 gr ||||| |||| 00| p gre d |
| 952 |
|
|
|0 0
|1 0
|2 ddc
|4 0
|6 889_140000000000000_ΤΣΟ
|7 0
|9 365194
|a LISP
|b LISP
|c DON
|d 2022-10-14
|e ΠΑΤ
|i 149734
|l 0
|o 889.14 ΤΣΟ
|p 025000276652
|r 2022-10-14 00:00:00
|t 1
|w 2022-10-14
|y BKN
|
| 999 |
|
|
|c 213462
|d 213462
|
| 020 |
|
|
|a 9789604772766
|
| 040 |
|
|
|b GR-PaULI
|c gre
|d GR-PaULI
|e AACR2
|
| 082 |
0 |
4 |
|2 23
|a 889.14
|
| 100 |
1 |
|
|9 189064
|a Τούτσιας, Γιάννης,
|d 1953-
|e συγγραφέας.
|
| 245 |
1 |
0 |
|a Μονοκοτυλήδονα συμφωνικά στη γενική /
|c Γιάννης Τσούτσιας
|
| 260 |
|
|
|a Αθήνα :
|b Οδός Πανός,
|c 2017.
|
| 300 |
|
|
|a 52 σ. ;
|c 20 εκ.
|
| 942 |
|
|
|2 ddc
|c BKN
|
| 998 |
|
|
|c ΜΠΟΥΡΑΣ
|d 2022-10
|